Don Manuel : (Record no. 18526)

000 -CABECERA
fixed length control field 00688nam a22002057a 4500
003 - IDENTIFICADOR DEL NÚMERO DE CONTROL
control field AR-CdUCM
008 - DATOS DE LONGITUD FIJA--INFORMACIÓN GENERAL
fixed length control field 190514b ||||| |||| 00| 0 spa d
040 ## - FUENTE DE LA CATALOGACIÓN
Agencia/entidad que catalogó originalmente la obra MUNICIPALIDAD PROVINCIAL DEL CUSCO
Entidad que transcribió la catalogación BIBLIOTECA MUNICIPAL DEL CUSCO
082 ## - NÚMERO DE LA CLASIFICACIÓN DECIMAL DEWEY
No. de Clasificación 869.551 /
Notacion interna SA22 / 1931
100 ## - ENTRADA PRINCIPAL--NOMBRE DE PERSONA
Nombre Personal Sanchez, Luis Alberto
245 ## - MENCIÓN DE TÍTULO
Título Don Manuel :
Resto del título Vie de Manuel Gonzáles Prada /
260 ## - PUBLICACIÓN, DISTRIBUCIÓN, ETC.
Lugar de publicación, distribución, etc. Paris :
Nombre de la editorial, distribuidor, etc. Editions Excelsior,
Fecha de publicación, distribución, etc. 1931.
300 ## - DESCRIPCIÓN FÍSICA
Nº de Páginas Extensión 318 paginas ;
Otros detalles físicos Ilustraciones, graficos, dibujos,
Dimensiones 20 cm.
650 ## - PUNTO DE ACCESO ADICIONAL DE MATERIA--TÉRMINO DE MATERIA
Descriptor Historia
9 (RLIN) 136
650 ## - PUNTO DE ACCESO ADICIONAL DE MATERIA--TÉRMINO DE MATERIA
Descriptor Literatura
9 (RLIN) 83
700 ## - PUNTO DE ACCESO ADICIONAL--NOMBRE DE PERSONA
Nombre Personal Miomandre, Francis de
9 (RLIN) 39167
942 ## - ELEMENTOS DE PUNTO DE ACCESO ADICIONAL (KOHA)
Fuente de clasificación
Tipo de item Libros-BMC
945 ## - PROCESAMIENTO DE INFORMACIÓN LOCAL (OCLC)
Catalogador pjha
AAAA-MM-DD - Fecha de ingreso o modificacion 2019-05-14
Holdings
Estado de retiro (separado) Fuente de clasificación o esquema de estanterías Estado dañado Ubicación Sala donde se ubica Nombre de la colección Fecha de adquisición o compra Costo, precio normal en soles Signatura topográfica Código de Barras Última vez visto (Koha) Tipo de ítem (Koha)
No     Sala Cusco Antiguo Sala Cusco Antiguo Book Cart 2019-05-14 40.00 869.551 / SA22 / 1931 SCA0003910 2019-05-14 Libros-BMC

Powered by Koha